|
|
|
|
| LEADER |
01860cas a2200289 a 4500 |
| 001 |
AALejournalIMF009246 |
| 008 |
230101c9999 xx r poo 0 0eng d |
| 020 |
|
|
|c 5.00 USD
|
| 020 |
|
|
|z 9781451982695
|
| 022 |
|
|
|a 1018-5941
|
| 040 |
|
|
|a BD-DhAAL
|c BD-DhAAL
|
| 100 |
1 |
|
|a Giustiniani, Alessandro.
|
| 245 |
1 |
0 |
|a Crisis Management and Resolution for a European Banking System /
|c Alessandro Giustiniani, Wim Fonteyne, Wouter Bossu, Alessandro Gullo.
|
| 264 |
|
1 |
|a Washington, D.C. :
|b International Monetary Fund,
|c 2010.
|
| 300 |
|
|
|a 1 online resource (17 pages)
|
| 490 |
1 |
|
|a IMF Working Papers
|
| 500 |
|
|
|a <strong>Off-Campus Access:</strong> No User ID or Password Required
|
| 500 |
|
|
|a <strong>On-Campus Access:</strong> No User ID or Password Required
|
| 506 |
|
|
|a Electronic access restricted to authorized BRAC University faculty, staff and students
|
| 520 |
3 |
|
|a This paper proposes an integrated crisis management and resolution framework for the EU's single banking market. It comprises a European Resolution Authority (ERA), armed with the mandate and the tools to deal cost-effectively with failing systemic cross-border banks, and is designed to address many fundamental operational and incentive problems. It also seeks to reduce moral hazard and better protect countries against the risk of twin fiscal-financial crises by detaching banks from government budgets. The ERA would be most effective if it were twinned or combined with a European Deposit Insurance and Resolution Fund.
|
| 538 |
|
|
|a Mode of access: Internet
|
| 650 |
|
7 |
|a Fiscal Policy
|2 imf
|
| 700 |
1 |
|
|a Bossu, Wouter.
|
| 700 |
1 |
|
|a Fonteyne, Wim.
|
| 700 |
1 |
|
|a Gullo, Alessandro.
|
| 830 |
|
0 |
|a IMF Working Papers; Working Paper ;
|v No. 2010/070
|
| 856 |
4 |
0 |
|z Full text available on IMF
|u http://elibrary.imf.org/view/journals/001/2010/070/001.2010.issue-070-en.xml
|z IMF e-Library
|